| 000 | 01593nam a2200229Ia 4500 | ||
|---|---|---|---|
| 003 | Ost | ||
| 005 | 20260507075727.0 | ||
| 008 | 260507s9999||||xx |||||||||||||| ||und|| | ||
| 020 | _a4675841977 | ||
| 040 | _cfsecg | ||
| 041 | _aara | ||
| 082 | _a341.8 | ||
| 100 |
_aالفتلاوي، سهيل حسين _eمؤلف |
||
| 245 | 0 |
_aالقانون الدولي الخاص / _c سهيل حسين الفتلاوي |
|
| 260 |
_aالقاهرة: _bالمكتب المصري لتوزيع المطبوعات, _c2002 |
||
| 300 | _a376 صفحة؛ | ||
| 504 | _aبيبليوغرافيا :ص. 361 | ||
| 520 | _aبالنظــــــر إلي أن القانون الدولي الخاص ينظم موضوعات قانونية متعددة ، وهي الجنسية والموطن والمركز القانوني للأجانب وتنازع الاختصاص القضائي و تنازع القوانين ، فقد اختلف الفقهاء في وضع تعريف جامع مانع للقانون الدولي الخاصتناول هذا الكتاب الفصل ألأول : المبادىء العامة للقانون الدولي الخاص الفصل الثاني : الجنسية الفصل الثالث : المــــــــواطن الفصل الرابع : مركز الأجانب الفصل خامس : تنازع القوانين الفصل السادس : الاختاص القضاء الدولي الفصل السابع : تنفيذ الأحكام و القرارات الأجنبية | ||
| 653 | _aالجنسية | ||
| 653 | _aقانون الدولي الخاص | ||
| 942 | _cكتاب | ||
| 999 |
_c45993 _d45993 |
||